|
|
|
|
| LEADER |
00000nam0a2200000 4500 |
| 001 |
316311 |
| 005 |
20231102002849.0 |
| 020 |
|
|
|a RU
|b 82-75142
|
| 035 |
|
|
|a (RuTPU)RU\TPU\book\341749
|
| 090 |
|
|
|a 316311
|
| 100 |
|
|
|a 20160317d1982 k y0rusy5003 ca
|
| 101 |
0 |
|
|a rus
|
| 102 |
|
|
|a RU
|
| 105 |
|
|
|a a z 001zy
|
| 200 |
1 |
|
|a Теория отображений, ее обобщения и приложения
|e сборник научных трудов
|f Академия наук Украинской ССР (АН УССР), Институт прикладной математики и механики ; под ред. Г. Д. Суворова
|
| 210 |
|
|
|a Киев
|c Наукова думка
|d 1982
|
| 215 |
|
|
|a 244 с.
|c ил.
|
| 320 |
|
|
|9 572
|a Библиогр. в конце ст.
|
| 606 |
1 |
|
|a Отображения дифференцируемые
|x (теория функций)
|2 stltpush
|3 (RuTPU)RU\TPU\subj\65965
|9 82271
|
| 610 |
1 |
|
|a теория
|
| 610 |
1 |
|
|a обобщение
|
| 610 |
1 |
|
|a приложения
|
| 610 |
1 |
|
|a квазиконформные отображения
|
| 610 |
1 |
|
|a конформные отображения
|
| 610 |
1 |
|
|a метрическая теория
|
| 610 |
1 |
|
|a функции комплексного переменного
|
| 675 |
|
|
|a 517.542
|z rus
|v 3
|
| 702 |
|
1 |
|a Суворов
|b Г. Д.
|4 340
|
| 712 |
0 |
2 |
|a Академия наук Украинской ССР (АН УССР)
|b Институт прикладной математики и механики
|c (Донецк)
|2 stltpush
|3 (RuTPU)RU\TPU\col\14125
|
| 801 |
|
0 |
|a RU
|b RuMRKP
|c 19950704
|g psbo
|
| 801 |
|
1 |
|a RU
|b 63413507
|c 20160317
|
| 801 |
|
2 |
|a RU
|b 63413507
|c 20200615
|g RCR
|
| 942 |
|
|
|c BK
|